| 000 | 01780cam a2200361 4500 | ||
|---|---|---|---|
| 001 | J122952 | ||
| 008 | #DATE n2000 000 0 eng u | ||
| 035 | _a(Sirsi) u122952 | ||
| 041 | _aeng | ||
| 050 |
_a692.5 _c18 |
||
| 110 |
_aBuilding Cost Information Service _91096 |
||
| 245 | _aBCIS five year forecast | ||
| 260 |
_aLondon _bBCIS _c2000- |
||
| 490 | _aBCIS Bulletin Service | ||
| 490 | _aBCIS Five Year Forecast | ||
| 505 | _aBriefing : building cost trends ; executive summary ; latest trends ; economic background ; inflation ; growth ; interest rates ; materials ; prices ; labour ; earnings, wages and rates; overheads ; market conditions ; output ; orders ; housing ; output forecasts ; tender levels ; long term trends ; tender price forecast ; asumptions ; notes | ||
| 505 | _aTender prices and input costs : All-in tender price index ; Market conditions index ; General Building Costs ; Excluding m and e ; labour ; materials | ||
| 505 | _aNotes and definitions | ||
| 520 | _aAnnual publication from the Building Cost Information Service (BCIS) which takes a longer view and produces a commentary and five year forecast of tender prices and building costs. Filed in "BCIS bulletin service" Binder 1. | ||
| 650 | _aBCIS ALL-IN TENDER PRICE INDEX | ||
| 650 | _aBCIS GENERAL BUILDING COST INDEX | ||
| 650 | _aBCIS GENERAL BUILDING COST (EXCLUDING M AND E) INDEX | ||
| 650 | _aBCIS LABOUR COST INDEX | ||
| 650 | _aBCIS MARKET CONDITIONS INDEX | ||
| 650 | _aBCIS MATERIALS COST INDEX | ||
| 650 | _aBUILT ENVIRONMENT-BUILDING COSTS | ||
| 650 | _aBUILDING INDUSTRY | ||
| 650 | _aCONSTRUCTION INDUSTRY | ||
| 650 | _aCONSTRUCTION FORECASTS | ||
| 650 | _aCONSTRUCTION INDICATORS | ||
| 690 | _aBUILT ENVIRONMENT-BUILDING COSTS | ||
| 942 | _n0 | ||
| 999 |
_c102963 _d102963 |
||